| 000 | 00602nam a22001937a 4500 | ||
|---|---|---|---|
| 005 | 20140128124724.0 | ||
| 010 | _aB-508681-704 | ||
| 020 |
_a9781905863310 _c99.00 |
||
| 035 | _aB-508681-704 | ||
| 037 |
_adpl _bStar Pub/Ven |
||
| 082 | _aN | ||
| 100 | _aDumas, Alexandre | ||
| 245 |
_aThe three musketeers/ _cby Alexandre Dumas |
||
| 260 |
_aLondon _bibs Books (UK) _c2012 |
||
| 270 |
_a55, Warren Street _bLondon _eWIT5NW |
||
| 300 |
_a136p: _bill. _c20cm(Hb) |
||
| 942 |
_2ddc _cCH _hN _mDUM |
||
| 999 |
_c82201 _d82201 |
||